Metodologia de la recerca terminològica / Pierre Auger, Louis-Jean Rousseau ; traducció i adaptació de M. Teresa Cabré i Castellví
Descripción Física:
76 p. ; 24 cm
Materias:
Lexicologia -- Metodologia
MARC
| LEADER | 00000nam a2200000Ia 4500 | ||
|---|---|---|---|
| 001 | 1437 | ||
| 008 | 160829s1984 xx 000 0 cat d | ||
| 080 | |a L-1-316 | ||
| 100 | |a Auger, Pierre |9 26704 | ||
| 245 | |a Metodologia de la recerca terminològica / Pierre Auger, Louis-Jean Rousseau ; traducció i adaptació de M. Teresa Cabré i Castellví | ||
| 260 | |a Barcelona : |b Departament de Cultura de la Generalitat de Catalunya, |c 1984 | ||
| 300 | |a 76 p. ; |c 24 cm | ||
| 650 | |a Lexicologia |x Metodologia |9 26705 | ||
| 700 | |a Rousseau, Louis-Jean |9 26706 | ||
| 700 | |a Cabré i Castellví, M. Teresa, tr. i adapt. |9 26707 | ||
| 710 | 2 | |a Catalunya. |b Departament de Cultura |9 52819 | |
| 901 | |a Arxiu | ||
| 942 | |n 1 | ||
| 952 | |0 0 |1 0 |4 0 |6 L1316 |7 1 |9 44109 |a Arxiu |b Arxiu |d 2016-12-01 |l 0 |o L-1-316 |p 1437 |r 2016-12-01 00:00:00 |w 2016-12-01 |y ARXIU | ||
| 999 | |c 46689 |d 46689 | ||